Pete the cats world tour countries - Statistics

General Stats
  • This quiz has been taken 6 times
  • The average score is 5 of 11
Answers on the Map
Answers color-coded by a green-red scale on the quiz's map according to % correct below.
 
Answer Stats
Answer Stop % Correct
UnitedKingdom 5
80%
China 6
60%
France 4
60%
India 7
60%
Mexico 1
60%
Egypt 8
40%
Peru 2
40%
Trinidad and Tobago 10
40%
Zambia 9
40%
Zimbabwe 9
40%
Iceland 3
20%
No matching quizzes found
Score Distribution
Percent of People with Each Score
Percentile by Number Answered
Your Score History
You have not taken this quiz